000 01343nam a2200277Ia 4500
001 23618
003 GE_BSU
008 181216s||||||||xx |||||||||||||| ||und||
020 _a978-9941-17-263-2
040 _cGE_BSU
080 _a94(479.223-25)
100 _aსიორიძე, მალხაზ
245 _aნარკვევები ბათუმის ისტორიიდან. კრ. 1.
245 _cრედ. დოდო ჭუმბურიძე
250 _aშოთა რუსთაველის სახელმწ. უნ-ტი, სამეცნ. ცენტრის ნიკო ბერძენიშვილის ჰუმანიტ. და სოციალ. მეცნ. მიმართულება, ისტ. განყ-ბა.
260 _aთბილისი
260 _bუნივერსალი
260 _c2011
300 _a272 გვ. 20სმ.
300 _eბიბლიოგრ. ტექსტ. შენიშვნ. და თავების ბოლოს.
520 _aრეზიუმე ინგლ. ენ.
541 _h10 ლ.
653 _aბათუმის ისტორია
653 _aნარკვევები ბათუმის ისტორიიდან. კრ. 1.
942 _cBK
999 _c56505
_d56505